<?xml version="1.0" encoding="UTF-8"?>
<record
    xmlns:xsi="http://www.w3.org/2001/XMLSchema-instance"
    xsi:schemaLocation="http://www.loc.gov/MARC21/slim http://www.loc.gov/standards/marcxml/schema/MARC21slim.xsd"
    xmlns="http://www.loc.gov/MARC21/slim">

  <leader>04333nam a22002417a 4500</leader>
  <controlfield tag="003">OSt</controlfield>
  <controlfield tag="005">20250205122719.0</controlfield>
  <controlfield tag="007">ta</controlfield>
  <controlfield tag="008">201020b       2008 dr   00| 0 eng d</controlfield>
  <datafield tag="020" ind1=" " ind2=" ">
    <subfield code="a">9789945001136</subfield>
  </datafield>
  <datafield tag="040" ind1=" " ind2=" ">
    <subfield code="a">DO-SdBNP</subfield>
    <subfield code="b">spa</subfield>
    <subfield code="c">BNPHU</subfield>
  </datafield>
  <datafield tag="082" ind1=" " ind2="4">
    <subfield code="2">22</subfield>
  </datafield>
  <datafield tag="100" ind1="1" ind2=" ">
    <subfield code="a">Cipri&#xE1;n, Rafael, </subfield>
    <subfield code="d">1959-</subfield>
    <subfield code="9">839</subfield>
  </datafield>
  <datafield tag="245" ind1="1" ind2="0">
    <subfield code="a">Manual del recurso de casaci&#xF3;n : </subfield>
    <subfield code="b">bases constitucionales y legales; jurisprudencia, doctrina y procedimiento / </subfield>
    <subfield code="c">Rafael Cipri&#xE1;n ; pr&#xF3;logo de C&#xE9;sar Pina Toribio.</subfield>
  </datafield>
  <datafield tag="260" ind1=" " ind2=" ">
    <subfield code="a">Santo Domingo : </subfield>
    <subfield code="b">Centenario,</subfield>
    <subfield code="c">2008.</subfield>
  </datafield>
  <datafield tag="300" ind1=" " ind2=" ">
    <subfield code="a">223 p. ;</subfield>
    <subfield code="c">24 cm. </subfield>
  </datafield>
  <datafield tag="500" ind1=" " ind2=" ">
    <subfield code="a">Incluye datos biogr&#xE1;ficos del autor en la solapa de la cubierta.</subfield>
  </datafield>
  <datafield tag="504" ind1=" " ind2=" ">
    <subfield code="a"> Bibliograf&#xED;a : p. 221-223</subfield>
  </datafield>
  <datafield tag="505" ind1=" " ind2=" ">
    <subfield code="a"> Dedicatoria -- 11</subfield>
    <subfield code="t">Agradecimiento -- 13</subfield>
    <subfield code="t">Pr&#xF3;logo -- 15</subfield>
    <subfield code="t">Introducci&#xF3;n -- 19</subfield>
    <subfield code="t"> Generalidades -- 25</subfield>
    <subfield code="t">Concepto del Recurso de Casaci&#xF3;n -- 31</subfield>
    <subfield code="t"> Naturaleza constitucional del Recurso de Casaci&#xF3;n -- 35</subfield>
    <subfield code="t">Papel de la Corte de Casaci&#xF3;n -- 41</subfield>
    <subfield code="t">Constituci&#xF3;n, ley y casaci&#xF3;n -- 47</subfield>
    <subfield code="t">Los plazos para interponer el Recurso de Casaci&#xF3;n -- 53</subfield>
    <subfield code="t">El plazo del Recurso de Casaci&#xF3;n en materia laboral -- 54</subfield>
    <subfield code="t">El plazo del Recurso de Casaci&#xF3;n en materia civil y comercial -- 55</subfield>
    <subfield code="t">El plazo del Recurso de Casaci&#xF3;n en materia penal -- 55</subfield>
    <subfield code="t">El plazo del Recurso de Casaci&#xF3;n en materia inmobiliaria -- 56</subfield>
    <subfield code="t"> Personas que pueden recurrir en casaci&#xF3;n -- 57</subfield>
    <subfield code="t">Personas que pueden recurrir en casaci&#xF3;n en las recurrir en casaci&#xF3;n materias civil y comercial -- 68</subfield>
    <subfield code="t">El Recurso de Casaci&#xF3;n en inter&#xE9;s de la ley -- 59</subfield>
    <subfield code="t">El Recurso de Casaci&#xF3;n por exceso de poder -- 60</subfield>
    <subfield code="t"> Personas que pueden recurrir en casaci&#xF3;n en materia penal -- 60</subfield>
    <subfield code="t"> Casos en que se puede recurrir en casaci&#xF3;n en materia penal -- 61</subfield>
    <subfield code="t">Personas que pueden recurrir en casaci&#xF3;n en materia inmobiliaria -- 66</subfield>
    <subfield code="t">Sentencias recurribles en casaci&#xF3;n -- 73</subfield>
    <subfield code="t">Los medios de casaci&#xF3;n -- 79</subfield>
    <subfield code="t">El medio de casaci&#xF3;n fundado en la violaci&#xF3;n a la Constituci&#xF3;n y la ley -- 81</subfield>
    <subfield code="t">Medio de casaci&#xF3;n fundamentado en la violaci&#xF3;n a las formas prescritas a pena de nulidad -- 85</subfield>
    <subfield code="t">El medio de casaci&#xF3;n por exceso de poder o por incompetencia -- 87</subfield>
    <subfield code="t"> El medio de casaci&#xF3;n por contrariedad de sentencias -- 92</subfield>
    <subfield code="t">El medio de casaci&#xF3;n por violaci&#xF3;n al derecho de defensa -- 93</subfield>
    <subfield code="t">El medio de casaci&#xF3;n por desnaturalizaci&#xF3;n de los hechos de la causa -- 96</subfield>
    <subfield code="t"> El medio de casaci&#xF3;n por falta de base legal -- 98</subfield>
    <subfield code="t"> Formas de interponer el Recurso de Casaci&#xF3;n -- 101</subfield>
    <subfield code="t">Interposici&#xF3;n del Recurso de Casaci&#xF3;n en materia civil y comercial -- 102</subfield>
    <subfield code="t">- Interposici&#xF3;n del Recurso de Casaci&#xF3;n en materia civil inmobiliaria -- 103</subfield>
    <subfield code="t"> Interposici&#xF3;n del Recurso de Casaci&#xF3;n en materia penal de la Jurisdicci&#xF3;n Inmobiliaria -- 104</subfield>
    <subfield code="t">Interposici&#xF3;n del Recurso de Casaci&#xF3;n en materia penal -- 106</subfield>
    <subfield code="t"> Interposici&#xF3;n del Recurso de Casaci&#xF3;n en materia Contencioso Tributario -- 107</subfield>
    <subfield code="t">Interposici&#xF3;n del Recurso De Casaci&#xF3;n en Materia Laboral o de Trabajo -- 109</subfield>
    <subfield code="t">S&#xED;ntesis del procedimiento del Recurso de Casaci&#xF3;n -- 117</subfield>
    <subfield code="t"> El procedimiento de casaci&#xF3;n en materia civil y comercial -- 118</subfield>
    <subfield code="t">Memorial -- 118
</subfield>
    <subfield code="t">Auto -- 120</subfield>
    <subfield code="t"> La caducidad del Recurso de Casaci&#xF3;n -- 120</subfield>
    <subfield code="t">Memorial de defensa y constituci&#xF3;n de abogado -- 121</subfield>
    <subfield code="t"> El defecto de la parte recurrida -- 121</subfield>
    <subfield code="t">El dictamen del Procurador General de la Rep&#xFA;blica -- 123</subfield>
    <subfield code="t">El recurso de oposici&#xF3;n -- 123</subfield>
    <subfield code="t">La demanda en suspensi&#xF3;n de ejecuci&#xF3;n de la sentencia recurrida en casaci&#xF3;n -- 124</subfield>
    <subfield code="t">Los incidentes del Recurso de Casaci&#xF3;n -- 129</subfield>
    <subfield code="t">La inscripci&#xF3;n en falsedad -- 130</subfield>
    <subfield code="t">La denegaci&#xF3;n -- 134</subfield>
    <subfield code="t">La intervenci&#xF3;n -- 135</subfield>
    <subfield code="t">La exclusi&#xF3;n en el Recurso de Casaci&#xF3;n -- 141</subfield>
    <subfield code="t">La perenci&#xF3;n del Recurso de Casaci&#xF3;n -- 143</subfield>
    <subfield code="t">Fijaci&#xF3;n y celebraci&#xF3;n de la audiencia del Recurso de Casaci&#xF3;n -- 145</subfield>
    <subfield code="t">Estado de fallo del Recurso de Casaci&#xF3;n y posibles soluciones del asunto -- 147</subfield>
    <subfield code="t"> Efectos del Recurso de Casaci&#xF3;n -- 151</subfield>
    <subfield code="t">Anexos: -- 157</subfield>
    <subfield code="t">Modelo de Memorial de Casaci&#xF3;n -- 158</subfield>
    <subfield code="t">Modelo de Memorial de Defensa -- 169</subfield>
    <subfield code="t">Modelo de Demanda en Suspensi&#xF3;n de Ejecuci&#xF3;n de Sentencia con motivo del Recurso de Casaci&#xF3;n -- 185</subfield>
    <subfield code="t">Ley de Procedimiento de Casaci&#xF3;n y sus modificaciones -- 199</subfield>
    <subfield code="t">Art&#xED;culos 416 al 427 del C&#xF3;digo Procesal Penal, que sustituyen el Cap&#xED;tulo III de la Ley Sobre
&#x2022; Procedimiento de Casaci&#xF3;n -- 216</subfield>
    <subfield code="t"> Bibliograf&#xED;a -- 221</subfield>
  </datafield>
  <datafield tag="590" ind1=" " ind2=" ">
    <subfield code="a">Inventariado, 2020 /LP</subfield>
  </datafield>
  <datafield tag="700" ind1="1" ind2=" ">
    <subfield code="a">Pina Toribio, C&#xE9;sar</subfield>
    <subfield code="e">pr&#xF3;logo </subfield>
    <subfield code="9">16867</subfield>
  </datafield>
  <datafield tag="942" ind1=" " ind2=" ">
    <subfield code="2">ddc</subfield>
    <subfield code="c">LBS1</subfield>
  </datafield>
  <datafield tag="952" ind1=" " ind2=" ">
    <subfield code="0">0</subfield>
    <subfield code="1">0</subfield>
    <subfield code="2">ddc</subfield>
    <subfield code="5">1</subfield>
    <subfield code="7">0</subfield>
    <subfield code="8">PD</subfield>
    <subfield code="a">BNPHU</subfield>
    <subfield code="b">BNPHU</subfield>
    <subfield code="c">CT</subfield>
    <subfield code="d">2020-10-20</subfield>
    <subfield code="e">Dom&#xED;nico Americano </subfield>
    <subfield code="r">2020-10-20</subfield>
    <subfield code="w">2020-10-20</subfield>
    <subfield code="y">LBS1</subfield>
  </datafield>
  <datafield tag="999" ind1=" " ind2=" ">
    <subfield code="c">48931</subfield>
    <subfield code="d">48931</subfield>
  </datafield>
</record>
